000 00607nam a22001937a 4500
005 20150324150137.0
010 _aENG-112196
020 _a9789350097601
_c850.00
035 _aEN-95728
037 _bDBAD/PUB
082 _a599.0954
100 _aMenon, Vivek
245 _aIndian mammals :
_cby Vivek Menon
_ba field guide /
260 _aGurgaon
_bHachette Book Publishing
_c2014
270 _a4th & 5th Floor, Corporate Centre, Plot No.94, Sector -44
_bGurgaon
_e122003
300 _a528p.:
_c23cm(pbk)
_bcol.ill.,maps
500 _aIncludes index
942 _2ddc
_cEN
_mMEN
_h599.0954
999 _c91510
_d91510